Drag Race España Queens by Photo - Statistics

General Stats
  • This quiz has been taken 145 times
    35 since last reset
  • The average score is 49 of 59
Answer Stats
Picture Hint Answer % Correct
🇪🇸 Season 1 🇪🇸 Arantxa Castilla La Mancha
89%
🇪🇸 Season 1 🇪🇸 Carmen Farala
89%
🇪🇸 Season 5 🇪🇸 Denébola Murnau
89%
🇪🇸 Season 3 🇪🇸 Kelly Roller
89%
🇪🇸 Season 1 🇪🇸 Killer Queen
89%
🇪🇸 Season 5 🇪🇸 Krystal Forever
89%
🇪🇸 Season 5 🇪🇸 Laca Udilla
89%
🇪🇸 Season 4 🇪🇸 La Niña Delantro
89%
🇪🇸 Season 3 🇪🇸 Maria Edilia
89%
🇪🇸 Season 5 🇪🇸 Nix
89%
🇪🇸 Season 1 🇪🇸 Pupi Poisson
89%
🇪🇸 Season 1 🇪🇸 Sagittaria
89%
🇪🇸 Season 2 🇪🇸 Samantha Ballentines
89%
🇪🇸 Season 2 🇪🇸 Sharonne
89%
🇪🇸 Season 4 🇪🇸 Vampirashian
89%
🇪🇸 Season 5 🇪🇸 Alexandra del Raval
84%
🇪🇸 Season 3 🇪🇸 Bestiah
84%
🇪🇸 Season 4 🇪🇸 Chloe Vittu
84%
🇪🇸 Season 3 🇪🇸 Clover Bish
84%
🇪🇸 Season 5 🇪🇸 Dafne Mugler
84%
🇪🇸 Season 1 🇪🇸 Dovima Nurmi
84%
🇪🇸 Season 3 🇪🇸 Drag Chuchi
84%
🇪🇸 Season 1 🇪🇸 Drag Vulcano
84%
🇪🇸 Season 5 🇪🇸 Ferrxn
84%
🇪🇸 Season 1 🇪🇸 Hugáceo Crujiente
84%
🇪🇸 Season 1 🇪🇸 Inti
84%
🇪🇸 Season 4 🇪🇸 Kelly Passa!?
84%
🇪🇸 Season 4 🇪🇸 Le Cocó
84%
🇪🇸 Season 4 🇪🇸 Mariana Stars
84%
🇪🇸 Season 2 🇪🇸 Marina
84%
🇪🇸 Season 5 🇪🇸 Nori
84%
🇪🇸 Season 2 🇪🇸 Onyx Unleashed
84%
🇪🇸 Season 3 🇪🇸 Pakita
84%
🇪🇸 Season 3 🇪🇸 Pitita
84%
🇪🇸 Season 4 🇪🇸 Porca Theclubkid
84%
🇪🇸 Season 5 🇪🇸 Satín Greco
84%
🇪🇸 Season 4 🇪🇸 Shani LaSanta
84%
🇪🇸 Season 2 🇪🇸 Venedita Von Däsh
84%
🇪🇸 Season 3 🇪🇸 Chanel Anorex
79%
🇪🇸 Season 2 🇪🇸 Diamante Merybrown
79%
🇪🇸 Season 4 🇪🇸 Dita Dubois
79%
🇪🇸 Season 2 🇪🇸 Drag Sethlas
79%
🇪🇸 Season 2 🇪🇸 Juriji Der Klee
79%
🇪🇸 Season 5 🇪🇸 La Escándalo
79%
🇪🇸 Season 3 🇪🇸 Pink Chadora
79%
🇪🇸 Season 3 🇪🇸 The Macarena
79%
🇪🇸 Season 3 🇪🇸 Vania Vainilla
79%
🇪🇸 Season 3 🇪🇸 Visa
79%
🇪🇸 Season 4 🇪🇸 Angelita la Perversa
74%
🇪🇸 Season 2 🇪🇸 Ariel Rec
74%
🇪🇸 Season 2 🇪🇸 Estrella Xtravaganza
74%
🇪🇸 Season 3 🇪🇸 Hornella Góngora
74%
🇪🇸 Season 2 🇪🇸 Jota Carajota
74%
🇪🇸 Season 5 🇪🇸 Margarita Kalifata
74%
🇪🇸 Season 2 🇪🇸 Marisa Prisa
74%
🇪🇸 Season 4 🇪🇸 Megui Yeillow
74%
🇪🇸 Season 4 🇪🇸 Miss Khristo
74%
🇪🇸 Season 1 🇪🇸 The Macarena
74%
🇪🇸 Season 5 🇪🇸 Eva Harrington
63%
No matching quizzes found
Score Distribution
Percent of People with Each Score
Percentile by Number Answered
Your Score History
You have not taken this quiz since the last reset